000 01054nas a2200265 4500
001 BR9202817
003 BR-BrBNA
005 20231205092548.0
007 ta
008 230509b bl.|||p| |||| 00| 00por d
040 _aBR-BrBNA
_bpor
_cBiblioteca Nacional de Agricultura
041 _a(Pt)
072 _aM12
100 1 _aMenin, E.
100 1 _aMimura, O.M.
245 1 _aAnatomia funcional da cavidade bucofaringeana de duas especies de teleostei de agua doce, Leporinus reinhardti Lutken, 1874, e Brycon lundii Reinhardt, 1849, de habito alimentar onivoro
246 1 _aFunctional anatomy of the bucco-pharyngeal cavity of two species of freshwater teleostei, Leporinus reinhardti Lutken, 1874 and Brycon lundii, Reinhardt, 1849, of omnivorous feeding habit
650 _aPIAU
650 _aMATRINXA
650 _aHABITO ALIMENTAR
650 _aANATOMIA ANIMAL
773 0 _tRevista Ceres (Brazil)
_xISSN 0034-737X
_g(Sep-Oct 1991), v. 38(219) p. 345-372
_wBR9202817
909 _a202311
_bLúcia
_c55
_dLúcia Elande
942 _2AGRIS
_n0
_cANA
999 _c132520
_d132520